000 01041nam a2200265Ia 4500
003 OSt
005 20220923211246.0
006 a|||||r|||| 00| 0
007 ta
008 220922b |||||||| |||| 00| 0 san d
020 _a9788178542034 (hbk)
_c1600
024 _a261,076
037 _b242, 01/10/2011, Eastern Book Linkers
_cTextual
040 _aARTS
_cARTS
_bsan
041 _2san
_asan
082 _aO15:g(G:55), 152Q1
100 _aकुलश्रेष्ठा, आभा, संपा.
_9160075
245 0 _aसंस्कृत साहित्य एवं पर्यावरण
246 _aSanskṛut sāhitya evan paryāvaraṇa
260 _aदिल्ली
_b ईस्टर्न बुक लिंकर्स
_c2011
300 _a482पृ0
_ccm.
650 _aसंस्कृत साहित्य
942 _hO15:g(G:55), 152Q1
_cTEXL
_2CC
999 _c297811
_d297811